00355nam a22001337a 450000500170000000800410001704100120005808200120007010000120008224500270009426000490012130000250017065000260019520240726093842.0240726b |||||||| |||| 00| 0 eng d aEnglish a349 SOU lEnglish aSupreme Court Reports  aCape Town: bJuta and Company Ltd, c1891-92 b567 pages; c25 cm.  aLegal practice bLaw